Statistiken für Das einzige europäische Land ...

Klicken Sie hier um das Quiz zu spielen!

Allgemein

  • Dieses Quiz wurde 2,689 mal gespielt
  • Das Durchschnittsergebnis liegt bei 13 aus 20

Antwortstatistiken

Das einzige Land, das ... Land % Korrekt
mit dem Buchstaben E beginntEstland
96%
Autobahnen ohne
Geschwindigkeitsbegrenzungen hat
Deutschland
94%
wählte, die EU zu verlassenVereinigtes
Königreich
92%
an das Mittelmeer sowie die
Nordsee grenzt
Frankreich
89%
mehr als 100 Millionen Einwohner hatRussland
84%
komplett vom Mittelmeer umgeben istMalta
82%
das den Złoty als Währung brauchtPolen
80%
Territorium auf dem afrikanischen
Festland besitzt
Spanien
79%
eine Hauptstadt mit
dem Anfangsbuchstaben Z hat
Kroatien
70%
einen Milliardär pro 10'000 Einwohner hatMonaco
64%
keine Moskitos hatIsland
61%
einen orangen Streifen auf seiner
Flagge hat
Irland
51%
40% seiner Energie aus Wind beziehtDänemark
47%
eine absolute Monarchie istVatikanstadt
46%
keinen "A" oder " E" in seinem Namen hatKosovo
45%
eine Durchschnittshöhe von über 1,500 m hatAndorra
43%
die Todesstrafe benutztWeißrussland
43%
ein doppelter Binnenstaat istLiechtenstein
41%
einen siebenköpfigen Rat als
Staatsoberhaupt hat
Schweiz
40%
einen Staatsfonds von einer Billion Dollar hatNorwegen
29%

Verteilung der Resultate

Perzentil nach korrekt beantworteten Fragen

Anzahl Personen mit jedem Resultat

Ihre Resultats-Entwicklung

Sie haben dieses Quiz noch nicht gespielt